| 000 | 00559nam a2200181 4500 | ||
|---|---|---|---|
| 001 | 154614 | ||
| 003 | ES-MaACL | ||
| 005 | 20250801154646.0 | ||
| 008 | 950131s1888 sp |||| | spa d | ||
| 100 | 1 |
_aGonzález Serrano, U., _d1848-1904 _958968 |
|
| 245 | 1 | 0 |
_aPsicología del amor / _cpor U. González Serrano. |
| 260 |
_aMadrid : _bEl Progreso Editorial, _c1888. |
||
| 300 |
_a216 p. ; _c19 cm. |
||
| 596 | _aMarca de ed. en port. | ||
| 650 | 7 |
_aAmor _2embne _99754 |
|
| 852 |
_aES-MaACL _jF-9022 _z- Enc. pasta española |
||
| 999 |
_c154614 _d154614 |
||